000 00662nam a2200265Ia 4500
003 OSt
005 20221007105454.0
006 a|||||r|||| 00| 0
007 ta
008 221006b |||||||| |||| 00| 0 eng d
024 _a18,675
037 _cTextual
040 _aLCO
_cLCO
_beng
041 _2eng
_aeng
082 _aZ2,264, M2
100 _aSaxena R.N
245 0 _aLaw of Arms and Explosive
250 _a4th
260 _aAllahabad
_bLaw Publishers India
_c1982
300 _aVarious
650 _aARMS
_9702697
700 _a Gaur
_9698956
942 _hZ2,264, M2
_cTEXL
999 _c1188238
_d1188238